Le Top 100 des Mangas les plus vendues au monde - Statistiques

Statistiques générales
  • Ce quiz a été pris 124 fois
  • Le résultat moyen est 23 sur 100
Statistiques - réponses
Classement Nb d'exemplaire vendues Réponse % Correct
44 55 millions initial D
98%
6 250 millions Naruto
98%
1 516,6 millions One piece
98%
2 300 millions Dragon Ball
93%
12 130 millions Bleach
83%
11 140 millions L'attaque des Titans
80%
9 150 millions DemonSlayer
72%
92 30 millions Death Note
70%
23 100 millions Jujutsu Kaisen
69%
21 100 millions My Hero Academia
67%
34 72 millions Fairytail
64%
25 84 millions Hunter x Hunter
64%
56 50 millions City Hunter
61%
68 40 millions Blue Lock
57%
41 60 millions Berserk
54%
5 270 millions Détective Conan
52%
84 33 millions One Punch Man
52%
59 47 millions Tokyo Ghoul
52%
28 80 millions FullMetal Alchemist
46%
36 70 millions Haikyū!!
45%
7 185 millions Slam Dunk
45%
30 80 millions Tokyo Revengers
40%
14 120 millions Jojo's Bizarre Adventure
38%
74 38 millions Shaman King
37%
97 30 millions Shura No Mon
37%
88 31 millions Kuroko's Basket
34%
15 110 millions Kingdom
33%
35 72 millions Kenshin Le Vagabond
31%
75 38 millions Spy X Family
30%
67 42 millions The Promised Neverland
30%
72 40millions Yu-GI-Oh
29%
89 30 millions Chainsaw Man
28%
76 37 millions Seven deadly Sins
27%
4 300 millions Doraemon
26%
60 46 millions Sailor Moon
26%
55 50 millions Nana
25%
22 100 millions Baki
24%
27 82 millions Captain Tsubasa
24%
33 73 millions Gintama
24%
3 300 millions Golgo 13
24%
26 82 millions Vagabond
24%
16 100 millions Ken Le survivant
22%
85 32 millions Black Butler
21%
19 100 millions Ippo
21%
78 36millions 20 th Century boys
20%
53 50 millions Great Teacher Onizuka
20%
83 34 millions 3x3 Eyes
19%
31 78 millions Yū Yū Hakusho
18%
43 55 millions Ranma
15%
73 38 millions Les Carnets de l'apothicaire
11%
64 45 millions Moi, Quand je me réincarne en Slime
11%
50 50 millions Devilman
10%
81 35 millions Dr Slump
10%
47 50 millions Saint Seya
10%
69 40 millions Be-Bop High School
8%
54 50 millions Inu-Yasha
8%
8 156,5 millions KochiKame
7%
99 30 millions Reborn!
7%
65 44 millions Ace Of diamond
6%
62 45,64 millions Black Jack
6%
48 50 millions Cobra
6%
10 148 millions Crayon Shin-chan
6%
51 50 millions Dragon Quest
6%
70 40 millions Kyo Kara Ore Wa
6%
17 100 millions Astro, le petit robot
4%
39 60 millions Racaille Blues
4%
24 86 millions Sazae-san
4%
18 100 millions Touch
4%
20 100 millions Les Enquêtes de Kindaichi
3%
38 60,5 millions Major
3%
98 30 millions Ushio and Tora
3%
90 30 millions Bastard!!
2%
80 36 millions Crest Of The royal family
2%
61 46 millions Crows
2%
32 77 millions Muscleman
2%
13 130 millions Oishinbo
2%
71 40millions Paul Le pecheur
2%
40 60 millions Prince du Tennis
2%
82 35 millions Urusei Yatsura
2%
49 50 millions Aoki densetsu shoot!
1%
42 55 millions Bad Boys
1%
91 30 millions Chameleon
1%
86 32 millions Chibi Maruko-chan
1%
87 32 millions Chinmoku no kantai
1%
79 36 millions Cooking Papa
1%
63 45 millions Dear Boys
1%
57 48 millions Dokaben
1%
100 29,5 millions Futari Ecchi
1%
93 30 millions Gaki Deka
1%
52 50 millions Glass No Kamen
1%
45 55 millions H2
1%
37 61 millions Hana Yori Dango
1%
58 47 millions Kacho Kosaku shima
1%
94 30 millions Kié La petite peste
1%
46 53 millions Minami No teio
1%
95 30 millions Salary Man Kintaro
1%
29 80 millions Sangokushi
1%
66 43 millions Shizukanaru Don
1%
96 30 millions Yawara!
1%
77 37millions Nodame Contabile
0%
Aucun quiz correspondant
Distribution des résultats
% des personnes avec chaque résultat
Percentile par nombre de réponses
Votre historique - résultats
Vous n’avez pas pris ce quiz